[Event "Antioquia Region-ch Seniors"]
[Site "Medellin"]
[Date "2010.??.??"]
[Round "1.12"]
[White "Gomez, Fernando Antonio"]
[Black "Arroyave, Jhon Jairo"]
[Result "0-1"]
[WhiteElo "1600"]
[BlackElo "1801"]
[PlyCount "32"]
[EventDate "2010.03.12"]
[EventType "tourn"]
[EventRounds "7"]
[EventCountry "COL"]
[SourceTitle "EXT 2024"]
[Source "ChessBase"]
[SourceDate "2023.10.10"]
[SourceVersion "1"]
[SourceVersionDate "2023.10.10"]
[SourceQuality "1"]

1. d4 d5 2. e3 c5 3. dxc5 e6 4. b4 a5 5. b5 Bxc5 6. c4 Qf6 7. Nc3 Qxc3+ 8. Bd2 Qf6 9. Nf3 Nh6 10. Be2 dxc4 11. Bxc4 0-0 12. 0-0 e5 13. Rb1 e4 14. Nd4 Ng4 15. a4 Qh6 16. g3 Qxh2# 0-1